| 000 | 00760nam a2200217 4500 | ||
|---|---|---|---|
| 999 |
_c164623 _d164623 |
||
| 005 | 20190523143925.0 | ||
| 010 | _aENG-125285 | ||
| 020 |
_c800.00 _a9788182204973 |
||
| 035 | _aEN-108817 | ||
| 037 | _bDBAD/PUB | ||
| 082 | _a305.309 | ||
| 245 |
_aGender mainstreaming : _ced. by Sarfraz khan, Yasir Saeed [and] Hafeez-ur-Rehman _ban analysis of Pakistani society / |
||
| 260 |
_aNew Delhi _bGlobal Vision Publishing House _c2012 |
||
| 270 |
_a20, Ansari Road _bDaryaganj, New Delhi _e110002 _k23261581 _mnsingh_2004@vsnl.net |
||
| 300 |
_a185p. _c22cm(Hb) |
||
| 500 | _aIncludes bibliographical references and index | ||
| 700 | _aSarfaraz Khan | ||
| 700 | _aYasir Saeed | ||
| 700 | _aHafeez-ur-Rehman | ||
| 942 |
_2ddc _cEN _h305.309 _mGEN |
||